000 01171nam0a22003011 4500
001 RU\INFOCOMM_327\NLR\5000022627
005 20250613110217.0
010 _93960 экз.
_a5-01-001736-9
035 _a(NLR Aleph) 009553550
090 _a9023225
_c9023225
100 _a20130208d1988 |||y0rusy50 ca
101 1 _aeng
_crus
102 _aRU
105 _ay z |||||
200 1 _aSeeking rational solutions
_eDiscussions old a. new
_fGennadi Lisichkin
_g[Transl. from the Russ. by Jane Sayer]
210 _aM.
_cProgress
_d1988
215 _a325 с.
_d21 см
300 _aВ вып. дан.: В поисках рациональных решений: Старые и новые дискуссии / Г. С. Лисичкин
606 0 _aПерестройка социально-экономической жизни общества
_yСССР
_2nlr_sh1
620 _aМосква
686 _aУ21(2)02
_2rubbk
700 1 _9z01790
_aLisičkin
_bG. S.
_f1929-
_gGennadij Stepanovič
790 1 _9z01700
_aLisichkin
_bG.
_gGennadi
_4070
801 1 _aRU
_bInfocomm
_c20130208
801 0 _aRU
_bINFOCOMM
_gPSBO
852 _aNLR
_jЭк31 Д-3/93
942 _cBOOK
980 _aNB